| 000 | 00630nam a2200193 i 4500 | ||
|---|---|---|---|
| 001 | 129576 | ||
| 003 | ES-MaACL | ||
| 005 | 20230906193529.0 | ||
| 007 | t| | ||
| 008 | 070626s1966 sp ||||1| spa d | ||
| 080 | _a621.313(02) | ||
| 100 | 1 |
_aThurin, Jacques. _9110185 |
|
| 245 | 1 | 0 |
_aFuncionamiento y empleo de las máquinas eléctricas / _cpor Jacques Thurin ; [traducida por M. Pérez-Chirinos y Palud]. |
| 260 |
_aMadrid : _bParaninfo, _c1966. |
||
| 300 |
_a320 p. : _bil. ; _c22 cm. |
||
| 650 | 0 | 4 |
_aMáquinas eléctricas. _914765 |
| 700 | 1 |
_aPérez Chirinos y Palud, M. _990730 |
|
| 852 |
_aES-MaACL _jC-30490 _bR.60896 |
||
| 999 |
_c129576 _d129576 |
||